banner-ar

من اين جئنا ؟ : (Record no. 61437)

MARC details
000 -الفاتح
حقل البيانات ثابتة الطول 01142nam a22002777a 4500
005 - وقت وتاريخ اخر تعامل مع التسجيلة
رقم الضبط 20240530110459.0
008 - عناصر البيانات ثابتة الطول - معلومات عامة
حقل البيانات ثابتة الطول 150622s2011 ua g b 000 0dara d
017 ## - رقم الايداع القانونى
رقم الايداع القانونى 2011/9440
المصدر ( الهيئة المختصة) مصر . دار الكتب المصرية
020 ## - الرقم الدولى المعيارى للكتب
الرقم الدولى المعيارى للكتاب 9789774362655
040 ## - مصدر الفهرسة
وكالة الفهرسة الأصلية EG-CaGPL
082 04 - رقم تصنيف ديوى العشرى
رقم الطبعة 21
رقم التصنيف 933/
رقم المادة ق م
100 1# - المدخل الرئيسى - إسم شخصى
الإسم الشخصى قنوهل ، اسرائيل
الشكل الأكمل للاسم اسرائيل قنوهل
245 10 - بيان العنوان
العنوان من اين جئنا ؟ :
بقية العنوان بنو اسرائيل النشأة و التطور الدينى الشفرة الوراثية للعهد القديم /
بيان المسئوليه,etc تاليف اسرائيل قنوهل ؛ ترجمة عمرو زكريا
250 ## - بيان الطبعة
بيان الطبعة ط1
260 ## - PUBLICATION, DISTRIBUTION, ETC. (IMPRINT)
تاريخ النشر أو التوزيع 2011 .
300 ## - الوصف المادى
التعداد 252 ص ؛
أبعاد الوعاء 24 سم
650 04 - المدخل الاضافى بالموضوع-مصطلح موضوعى
مصطلح موضوعي الصهيونية
650 04 - المدخل الاضافى بالموضوع-مصطلح موضوعى
مصطلح موضوعي التوراة
651 04 - المدخل الاضافى بالموضوع - اسم جغرافى
الاسم الجغرافي اسرائيل
التقسيم الفرعي العام تاريخ
651 04 - المدخل الاضافى بالموضوع - اسم جغرافى
الاسم الجغرافي اليهود
التقسيم الفرعي العام الاصل
651 04 - المدخل الاضافى بالموضوع - اسم جغرافى
الاسم الجغرافي اسرائيل
التقسيم الفرعي العام تاريخ
التقسيم الفرعي الزمني العصر الحديث
651 04 - المدخل الاضافى بالموضوع - اسم جغرافى
الاسم الجغرافي اليهود
التقسيم الفرعي العام احوال اجتماعية
651 04 - المدخل الاضافى بالموضوع - اسم جغرافى
الاسم الجغرافي اليهود
التقسيم الفرعي العام كتب الصلاة والعبادة
700 0# - المدخل الاضافى - اسم شخصى
الإسم الشخصى عمرو زكريا
الدور مترجم
942 ## - عناصر المدخل الإضافي( كوها)
مصدر التصنيف او مخطط الترفيف Dewey Decimal Classification
Koha [default] item type كتاب
260 ## - PUBLICATION, DISTRIBUTION, ETC. (IMPRINT)
-- القاهرة :
-- مكتبة النافذة ،
Holdings
حالة التراجع حالة الفقد حالة تلف ليس للاعارة المكان المؤقت الموقع الحالى تاريخ الاكتساب اجمالي اﻻعارات رقم الطلب الباركود تاريخ اخر مشاهدة تاريخ تفعيل السعر نوع وعاء كوها
        مكتبة القاهرة الكبرى مكتبة القاهرة الكبرى 06/22/2015   933/ ق م 160734 06/22/2015 06/22/2015 كتاب

Powered By

EGPV